| 000 | 00720cam a2200229 a 4500 | ||
|---|---|---|---|
| 001 | 3400316 | ||
| 005 | 20240206045844.0 | ||
| 008 | 890728s1990 enk b 001 0 eng | ||
| 020 | _a0521351464 | ||
| 020 | _a0521359597 (pbk.) | ||
| 040 |
_aDLC _cDLC _dDLC |
||
| 082 | 0 | 0 |
_a306.4 _220 _bCON. |
| 100 | 1 | _aZolberg, Vera L. | |
| 245 | 1 | 0 |
_aConstructing a sociology of the arts / _cVera L. Zolberg. |
| 260 |
_aCambridge ; _aNew York : _bCambridge University Press, _c1990. |
||
| 300 | _axii, 252 p. ; | ||
| 490 | 1 | _aContemporary sociology | |
| 650 | 0 | _aArt and society. | |
| 856 | 4 | 2 | _uhttp://www.loc.gov/catdir/description/cam024/89038446.html |
| 856 | 4 | 1 | _uhttp://www.loc.gov/catdir/toc/cam022/89038446.html |
| 942 | _cL | ||
| 999 |
_c307 _d307 |
||